Thị trường chứng khoán : Tài liệu hướng dẫn học tập
Giới thiệu tổng quan về thị trường chứng khoán, các tổ chức liên quan đến sự vận hành của thị trường chứng khoán, hàng hóa trên thị trường chứng khoán và phát hành chứng khoán ra công chúng,......
Wedi'i Gadw mewn:
| Fformat: | Llyfr |
|---|---|
| Iaith: | Undetermined |
| Cyhoeddwyd: |
Cần Thơ
Nxb. Đại học Cần Thơ
2013
|
| Pynciau: | |
| Tagiau: |
Ychwanegu Tag
Dim Tagiau, Byddwch y cyntaf i dagio'r cofnod hwn!
|
| Thư viện lưu trữ: | Trung tâm Học liệu Trường Đại học Cần Thơ |
|---|
| LEADER | 00909nam a2200193Ia 4500 | ||
|---|---|---|---|
| 001 | CTU_229345 | ||
| 008 | 210402s9999 xx 000 0 und d | ||
| 082 | |a 332.642 | ||
| 082 | |b Th300 | ||
| 245 | 0 | |a Thị trường chứng khoán : | |
| 245 | 0 | |b Tài liệu hướng dẫn học tập | |
| 245 | 0 | |c Bùi Văn Trịnh ... [et al.] | |
| 260 | |a Cần Thơ | ||
| 260 | |b Nxb. Đại học Cần Thơ | ||
| 260 | |c 2013 | ||
| 520 | |a Giới thiệu tổng quan về thị trường chứng khoán, các tổ chức liên quan đến sự vận hành của thị trường chứng khoán, hàng hóa trên thị trường chứng khoán và phát hành chứng khoán ra công chúng,... | ||
| 650 | |a Stock exchanges,Thị trường chứng khoán | ||
| 910 | |b nthai | ||
| 980 | |a Trung tâm Học liệu Trường Đại học Cần Thơ | ||